| 000 | 00696nam a2200217Ia 4500 | ||
|---|---|---|---|
| 003 | GCL | ||
| 008 | 140319s9999 xx 000 0 ara d | ||
| 020 | _a6029303977 | ||
| 040 |
_aGCL / _cGCL |
||
| 082 | 0 | 4 |
_a927 _bح ت |
| 100 | 1 | _aحنفى المحلاوى | |
| 245 | 1 | 0 |
_aتاريخ مصر يكتبه اهل الفن / _cحنفى المحلاوى |
| 260 |
_aالقاهرة : _bدار قباء للطباعة والنشر والتوزيع ، _c1998 |
||
| 300 |
_a185 ص ؛ _c24سم |
||
| 650 | 0 | 4 | _aالتراجم |
| 650 | 0 | 4 | _aالفنانون |
| 650 | 0 | 4 | _aالرجال - تراجم |
| 650 | 0 | 4 | _aالفنانون - تراجم |
| 650 | 0 | 4 | _aالنساء - تراجم |
| 942 |
_2ddc _cBK |
||
| 999 |
_c7338 _d7338 |
||